| 000 | 01087nam a22003374i 4500 | ||
|---|---|---|---|
| 001 | 768714001 | ||
| 003 | CO-MdFUSB | ||
| 005 | 20250526145505.0 | ||
| 007 | ta | ||
| 008 | 790409t1972 nyu 000 0 eng d | ||
| 020 | _a09350080 | ||
| 040 |
_dCO-MdFUSB _dCO-MdFUSB _dCO-MdFUSB _cCO-MdFUSB |
||
| 041 | _aeng | ||
| 082 |
_223 _a248.4 _bN372 |
||
| 100 | 1 |
_aNee, Watchman. _eautor |
|
| 245 | 1 | 2 |
_aA living sacrifice _b: exercise thyself unto goliness _c/ Watchman Nee |
| 264 | 1 |
_aNew York, USA : _bChristian Fellowship Publishers, _c℗[1972] |
|
| 264 | 4 | _c©1972 | |
| 300 |
_a115 páginas ; _c21 cm. |
||
| 336 |
_atexto _btxt _2rdacontent. |
||
| 337 |
_asin mediación _bn _2rdamedia. |
||
| 338 |
_avolumen _bnc _2rdacarrier. |
||
| 490 | 1 | _aBasic lesson series | |
| 505 | _aBautismo - Concluyendo el pasado - Vendiendo todo - Consagración - Estudiando la Biblia - Oración - Levantándose temprano. | ||
| 563 | _aTapa rústica | ||
| 650 | 0 |
_aVida cristiana _919 |
|
| 830 |
_aBasic lesson series _vVol. 1 |
||
| 942 | _cBK | ||
| 945 | _aJTF-925 | ||
| 999 |
_c64607 _d64607 |
||